[Event "Mondiale Lampo FIDE 2017"]
[Site "Riyadh"]
[Date "30.12.2017"]
[Round "13.56"]
[White "Miton, Kamil"]
[Black "Shytaj, Luca"]
[Result "0-1"]
[WhiteTitle "GM"]
[BlackTitle "IM"]
[WhiteElo "2584"]
[BlackElo "2459"]
[WhiteFideId "1111914"]
[BlackFideId "812633"]
[EventDate "2017.12.29"]

1. d4 Nf6 2. c4 e6 3. g3 d5 4. Bg2 Be7 5. Nf3 O-O 6. O-O c6 7. Nc3 a6 8. a4 a5
9. b3 Na6 10. Bf4 Nb4 11. Rc1 b6 12. Ne5 Bb7 13. e4 c5 14. exd5 exd5 15. dxc5
Bxc5 16. Bg5 Be7 17. Re1 Re8 18. cxd5 Nfxd5 19. Bxe7 Rxe7 20. Nxd5 Bxd5 21. Bxd5
Qxd5 22. Qxd5 Nxd5 23. Nc4 Rxe1+ 24. Rxe1 Rd8 25. Rd1 Rd7 26. Ne5 Rd6 27. Nc4
Rd7 28. Ne5 Rd6 29. Rc1 g6 30. Rc8+ Kg7 31. Nc4 Re6 32. Rd8 Nb4 33. Rb8 Nd5 34.
Rb7 h5 35. h4 Kf6 36. Kg2 Re7 37. Rb8 Re6 38. Rb7 Re7 39. Rb8 Re6 40. Kf1 Kf5
41. Rd8 Nb4 42. Rd7 f6 43. Rd4 g5 44. Ne3+ Kg6 45. Kg2 gxh4 46. Rxh4 Nc6 47. Rc4
Ne5 48. Re4 Kf7 49. Nd5 Nd7 50. Rxe6 Kxe6 51. Nf4+ Kd6 52. Nxh5 Kc5 53. f4 Kb4
54. g4 Kxb3 55. Kf3 Kxa4 56. g5 fxg5 57. fxg5 Kb3 58. g6 Ne5+ 59. Ke4 Nxg6 60.
Kd3 a4 61. Ng3 a3 62. Ne2 Kb2 63. Nc3 a2 64. Nxa2 Kxa2 65. Kc4 Ne7 66. Kb5 Nc8 0-1

[Event "Mondiale Lampo FIDE 2017"]
[Site "Riyadh"]
[Date "30.12.2017"]
[Round "13.57"]
[White "Al-Saffar, Araz Basim Mohammed S"]
[Black "Al-Modiahki, Mohamad"]
[Result "1-0"]
[WhiteTitle "IM"]
[BlackTitle "GM"]
[WhiteElo "2368"]
[BlackElo "2542"]
[WhiteFideId "4801040"]
[BlackFideId "12100030"]
[EventDate "2017.12.29"]

1. d4 Nf6 2. Nf3 g6 3. c4 Bg7 4. Nc3 O-O 5. g3 d6 6. Bg2 Nc6 7. O-O a6 8. d5 Na5
9. b3 c5 10. dxc6 Nxc6 11. Bb2 Bd7 12. Qc1 Rc8 13. Rd1 b5 14. Nd5 e5 15. Nxf6+
Qxf6 16. c5 Nd4 17. Nxd4 exd4 18. Bxd4 Qxd4 19. Rxd4 Bxd4 20. Rb1 dxc5 21. e3
Bg7 22. Qd2 Bf5 23. Rc1 c4 24. bxc4 bxc4 25. Bb7 c3 26. Qe2 Rb8 27. Qxa6 Rfd8
28. e4 Bh3 29. f4 Bd4+ 30. Kh1 Rd7 31. Bc6 Ra7 32. Qc4 Bg7 33. e5 Be6 34. Qxc3
Rc8 35. a4 Rxa4 36. Bxa4 Bd5+ 37. Kg1 Rxc3 38. Rxc3 f6 39. Rc8+ Kf7 40. Rc7+ Kf8
41. exf6 Bxf6 42. Rxh7 Bg7 43. Bc2 Bg8 44. Rh4 Bd4+ 45. Kf1 Bf7 46. Rg4 1-0

[Event "Mondiale Lampo FIDE 2017"]
[Site "Riyadh"]
[Date "30.12.2017"]
[Round "13.58"]
[White "Halkias, Stelios"]
[Black "Haddouche, Mohamed"]
[Result "1-0"]
[WhiteTitle "GM"]
[BlackTitle "GM"]
[WhiteElo "2571"]
[BlackElo "2505"]
[WhiteFideId "4201809"]
[BlackFideId "7900660"]
[EventDate "2017.12.29"]

1. Nf3 Nf6 2. c4 g6 3. Nc3 Bg7 4. g3 O-O 5. Bg2 d6 6. d4 Nbd7 7. O-O e5 8. Qc2
exd4 9. Nxd4 Re8 10. b3 c6 11. Bb2 Nc5 12. Rad1 Qe7 13. Rfe1 h5 14. b4 Nce4 15.
Nxe4 Nxe4 16. Nf3 Bxb2 17. Qxb2 Bg4 18. h3 Bd7 19. e3 Rad8 20. b5 c5 21. Nd2 Ng5
22. Kf1 Nxh3 23. Ne4 g5 24. Nf6+ 1-0

[Event "Mondiale Lampo FIDE 2017"]
[Site "Riyadh"]
[Date "30.12.2017"]
[Round "13.59"]
[White "Omar, Noaman"]
[Black "Al-Sayed, Mohammed"]
[Result "0-1"]
[WhiteTitle "IM"]
[BlackTitle "GM"]
[WhiteElo "2364"]
[BlackElo "2511"]
[WhiteFideId "9300244"]
[BlackFideId "12100196"]
[EventDate "2017.12.29"]

1. d4 d5 2. c4 c6 3. Nf3 Nf6 4. cxd5 cxd5 5. Nc3 Nc6 6. Bf4 Bf5 7. e3 e6 8. Bb5
Bb4 9. O-O O-O 10. Bxc6 bxc6 11. Na4 Nd7 12. Ne5 Nxe5 13. Bxe5 Rc8 14. Rc1 Re8
15. a3 Bf8 16. Nc5 f6 17. Bg3 e5 18. Qa4 Qb6 19. b4 Bxc5 20. Rxc5 exd4 21. exd4
Bd3 22. Rfc1 Bc4 23. h3 Re6 24. Ra5 a6 25. Rc5 Rce8 26. Kh2 h6 27. Qc2 Kf7 28.
h4 Re4 29. f3 Re2 30. Qf5 Qb7 31. Rc2 R2e3 32. Rd2 Rxa3 33. h5 Rae3 34. Qg6+ Kg8
35. Ra5 Qf7 36. Qxf7+ Kxf7 37. Ra1 Bb5 38. Rb1 Rc3 39. Rbd1 Rc4 40. Re1 Rxe1 41.
Bxe1 Rxb4 42. Bg3 Rc4 43. Bd6 a5 44. Bc5 a4 45. Ra2 Rc3 46. Ra1 Rc2 47. Re1 Be2
48. Rb1 Bb5 49. Re1 Re2 50. Ra1 Ke6 51. Kg3 Kf7 52. Rh1 Re3 53. Rh4 a3 54. Rh1
a2 55. Ra1 Bc4 56. Kf4 Re2 57. g4 Rb2 58. Re1 Rb1 59. Re7+ Kg8 60. Kf5 0-1

[Event "Mondiale Lampo FIDE 2017"]
[Site "Riyadh"]
[Date "30.12.2017"]
[Round "13.60"]
[White "Khader, Sami"]
[Black "Samhouri, A."]
[Result "0-1"]
[WhiteTitle "IM"]
[BlackTitle "FM"]
[WhiteElo "2392"]
[BlackElo "2355"]
[WhiteFideId "8100500"]
[BlackFideId "8100640"]
[EventDate "2017.12.29"]

1. e4 d5 2. exd5 Qxd5 3. Nc3 Qd6 4. d4 Nf6 5. Nf3 a6 6. Ne5 e6 7. Bf4 Qd8 8. Qd2
Bd6 9. Bd3 Nbd7 10. Qe2 O-O 11. O-O-O Qe7 12. Bg5 Qe8 13. Rhe1 c6 14. Qf3 Nd5
15. Qh3 g6 16. Nxd5 cxd5 17. Bh6 Nxe5 18. dxe5 Bb4 19. Re3 Qa4 20. Bxf8 Bxf8 21.
Kb1 Bd7 22. Qg3 Bc5 23. Rf3 Rf8 24. h4 Bd4 25. Qf4 Qb4 26. c3 Bxc3 27. Qxb4 Bxb4
28. h5 Kg7 29. hxg6 hxg6 30. Rh1 Rc8 31. Rfh3 Rc7 32. Rh8 f5 33. R1h7# 0-1

[Event "Mondiale Lampo FIDE 2017"]
[Site "Riyadh"]
[Date "30.12.2017"]
[Round "13.61"]
[White "Lodhi, Mahmood"]
[Black "Al Jabri, Mohammed Ali"]
[Result "0-1"]
[WhiteTitle "IM"]
[WhiteElo "2347"]
[BlackElo "2154"]
[WhiteFideId "7800010"]
[BlackFideId "7604734"]
[EventDate "2017.12.29"]

1. d4 d5 2. Nf3 Bf5 3. g3 e6 4. Bg2 Nf6 5. O-O h6 6. c4 c6 7. Nc3 Bd6 8. b3 O-O
9. Bb2 Nbd7 10. Nd2 Rc8 11. e4 dxe4 12. Ndxe4 Nxe4 13. Nxe4 Be7 14. Qe2 Nf6 15.
f3 b6 16. Rad1 Qc7 17. Rfe1 Rfd8 18. Qf2 Rd7 19. h3 Rcd8 20. g4 Bg6 21. Rd2 c5
22. Red1 Nxe4 23. fxe4 cxd4 24. Bxd4 Bb4 25. Rd3 Bc5 26. Kh1 e5 27. Bxc5 Rxd3 0-1

[Event "Mondiale Lampo FIDE 2017"]
[Site "Riyadh"]
[Date "30.12.2017"]
[Round "13.62"]
[White "Saeed, Ishaq"]
[Black "Farhan, Marwan Ali"]
[Result "1-0"]
[WhiteTitle "FM"]
[WhiteElo "2434"]
[BlackElo "1975"]
[WhiteFideId "9301453"]
[BlackFideId "9401652"]
[EventDate "2017.12.29"]

1. d4 d5 2. c4 e6 3. Nc3 Nf6 4. e3 Be7 5. Nf3 b6 6. cxd5 exd5 7. Bd3 Bb7 8. O-O
O-O 9. a3 a5 10. Qc2 Ba6 11. Ne5 Bxd3 12. Qxd3 Nfd7 13. Nxd5 Nxe5 14. dxe5 Re8
15. Rd1 Bf8 16. Nf6+ gxf6 17. Qxd8 Rxd8 18. Rxd8 fxe5 19. e4 Kg7 20. Bh6+ Kxh6
21. Rxf8 Kg7 22. Rc8 Kg6 23. Rd1 a4 24. Rdd8 Ra5 25. Rxb8 Rb5 26. Rd2 c5 27.
Rd6+ Kg5 28. Rbxb6 Ra5 29. Ra6 Rb5 30. Rdb6 Rxb6 31. Rxb6 Kf4 32. f3 Ke3 33. Ra6
Kd3 34. Rxa4 Kc2 35. Rc4+ Kxb2 36. Rxc5 Kxa3 37. Rxe5 1-0

[Event "Mondiale Lampo FIDE 2017"]
[Site "Riyadh"]
[Date "30.12.2017"]
[Round "13.63"]
[White "Salama, Taher"]
[Black "Lam, Daniel King-wai"]
[Result "0-1"]
[BlackTitle "FM"]
[WhiteElo "1769"]
[BlackElo "2222"]
[WhiteFideId "11502231"]
[BlackFideId "6001238"]
[EventDate "2017.12.29"]

1. d4 Nf6 2. c4 g6 3. Nc3 Bg7 4. e4 d6 5. Be2 O-O 6. Nf3 e5 7. d5 a5 8. O-O Na6
9. h3 Nc5 10. Qc2 Bd7 11. Ne1 Ne8 12. f3 f5 13. Nd3 Nxd3 14. Bxd3 f4 15. Bd2 b6
16. Be1 g5 17. a4 h5 18. Nb5 g4 19. hxg4 hxg4 20. Kf2 Qh4+ 21. Ke2 Qh5 22. Kd2
Qg6 23. Rd1 Qf6 24. Kc1 Qe7 25. Rh1 c6 26. dxc6 Bxc6 27. Bh4 Qd7 28. Be2 g3 29.
Qd3 Bxb5 30. Qd5+ Qf7 31. Qxf7+ Rxf7 32. cxb5 Rc8+ 33. Kb1 Rfc7 34. Bd3 Kf7 35.
b3 Kf8 36. Bc4 Rb8 37. Rd3 Rcb7 38. Rhd1 Rc7 39. Rh1 Rcb7 40. Bg5 Rc7 41. Bh6
Re7 42. Bxg7+ Kxg7 43. Rh5 Rd8 44. Rd1 Nf6 45. Rg5+ Kf8 46. Rh1 Rh7 47. Rxh7
Nxh7 48. Rh5 Nf6 49. Rh8+ Ke7 50. Rh6 Rc8 51. Rg6 Rf8 52. Rg7+ Kd8 53. Rb7 Nd7
54. Be6 Nc5 55. Rb8+ Ke7 56. Rxf8 Kxf8 57. Bd5 Ke7 58. Kc2 Kf6 59. Kc3 Ke7 60.
Kb2 Nd3+ 61. Kc3 Ne1 62. b4 Nxg2 63. bxa5 bxa5 64. b6 Kd8 65. b7 Kc7 66. Kd2 Nh4
67. Ke2 Ng6 68. Kf1 Ne7 0-1

[Event "Mondiale Lampo FIDE 2017"]
[Site "Riyadh"]
[Date "30.12.2017"]
[Round "13.64"]
[White "Al-Hajiri, Bader"]
[Black "Bukannan, Ahmed A"]
[Result "0-1"]
[WhiteTitle "FM"]
[WhiteElo "2165"]
[BlackElo "1929"]
[WhiteFideId "10300163"]
[BlackFideId "21504164"]
[EventDate "2017.12.29"]

1. e4 Nf6 2. e5 Nd5 3. d4 d6 4. f4 g6 5. Nf3 Bg7 6. Ng5 h6 7. Ne4 dxe5 8. fxe5
O-O 9. Bc4 Nc6 10. c3 Bf5 11. Ng3 Be6 12. O-O Nxc3 13. bxc3 Bxc4 14. Rf2 Nxe5
15. Nd2 Be6 16. dxe5 Bxe5 17. Qf3 Bd5 18. Qe3 Bg7 19. Nde4 f5 20. Nc5 Qd6 21.
Nd3 Bc4 22. Nb2 Ba6 23. Ne2 e5 24. Bd2 f4 25. Qe4 Qxd2 26. Nxf4 0-1

[Event "Mondiale Lampo FIDE 2017"]
[Site "Riyadh"]
[Date "30.12.2017"]
[Round "13.65"]
[White "Al Ghamdi, Ahmed M"]
[Black "Al Zamel, Khaled"]
[Result "1/2-1/2"]
[WhiteTitle "CM"]
[WhiteElo "2159"]
[BlackElo "1942"]
[WhiteFideId "21500150"]
[BlackFideId "21500967"]
[EventDate "2017.12.29"]

1. e4 c6 2. d4 d6 3. Nf3 Qc7 4. c4 Bg4 5. Nc3 Nf6 6. h3 Bh5 7. Be2 Nbd7 8. O-O
e5 9. d5 Be7 10. Ne1 Bg6 11. f3 O-O 12. Be3 a6 13. g4 Rfd8 14. Ng2 Nf8 15. Nh4
Nxg4 16. Nxg6 Nxe3 17. Nxe7+ Qxe7 18. Qe1 1/2-1/2

[Event "Mondiale Lampo FIDE 2017"]
[Site "Riyadh"]
[Date "30.12.2017"]
[Round "13.66"]
[White "Al Abdali, Zeyad Saleh"]
[Black "Alanazy, Mohammed"]
[Result "1-0"]
[WhiteElo "1801"]
[BlackElo "1850"]
[WhiteFideId "21501505"]
[BlackFideId "21508488"]
[EventDate "2017.12.29"]

1. d4 d5 2. Nf3 c6 3. c4 Nf6 4. Nc3 Bf5 5. Bg5 e6 6. Qb3 Qb6 7. c5 Qxb3 8. axb3
Nbd7 9. e3 Be7 10. Be2 O-O 11. O-O h6 12. Bh4 Rfe8 13. h3 Ne4 14. Bxe7 Rxe7 15.
b4 a6 16. b5 Ree8 17. bxa6 Rxa6 18. Bxa6 bxa6 19. Rxa6 Nxc3 20. bxc3 Bd3 21.
Rxc6 Bxf1 22. Kxf1 Nf6 23. Nd2 Rb8 24. Rb6 Ra8 25. c4 Ra1+ 26. Ke2 Ra2 27. Kd3
dxc4+ 28. Nxc4 Rxf2 29. c6 Rf1 30. c7 Rd1+ 31. Kc2 Rg1 32. c8=Q+ Kh7 33. Qb7 Nd5
34. Qxf7 Rxg2+ 35. Kd3 Nxb6 36. Nxb6 Rg3 37. Qxe6 h5 38. Nd5 h4 39. Qf5+ Kh8 40.
Ne7 Rxe3+ 41. Kc4 Rxe7 42. Qh5+ Kg8 43. Qxh4 Rf7 44. Qd8+ Kh7 45. h4 Rf1 46. Qg5
Kh8 47. h5 Rd1 48. Kd5 Rf1 49. h6 g6 50. Qxg6 Rf7 51. Ke6 Re7+ 52. Kd5 Re5+ 53.
Kc4 Rc5+ 54. Kd3 Rc3+ 55. Ke4 Re3+ 56. Kd5 Re5+ 57. Kc4 Rc5+ 58. Kd3 Rc3+ 59.
Ke2 Re3+ 60. Kd2 Re2+ 61. Kc3 Re7 62. Qf6+ Kg8 63. Qxe7 Kh8 64. Qg7# 1-0

[Event "Mondiale Lampo FIDE 2017"]
[Site "Riyadh"]
[Date "30.12.2017"]
[Round "13.67"]
[White "Al Saidi, Mohammed Khalfan"]
[Black "Al Mahmood, Salman"]
[Result "0-1"]
[WhiteElo "1468"]
[BlackElo "1593"]
[WhiteFideId "22001271"]
[BlackFideId "11201517"]
[EventDate "2017.12.29"]

1. d4 Nf6 2. c4 e6 3. Nc3 Bb4 4. Qc2 O-O 5. a3 Bxc3+ 6. Qxc3 d5 7. Bg5 b6 8. e3
Nbd7 9. Bd3 Ba6 10. cxd5 Bxd3 11. Qxd3 exd5 12. Nf3 Qe8 13. b4 Ne4 14. Bf4 Rc8
15. Rc1 c6 16. O-O b5 17. Ne5 Nxe5 18. Bxe5 Qe6 19. f3 Nd6 20. Bxd6 Qxd6 21. Rc5
Rfe8 22. Rfc1 Qh6 23. R1c3 Re6 24. Rxd5 Rce8 25. Re5 Rxe5 26. dxe5 Qe6 27. f4
Qa2 28. Rxc6 Qa1+ 29. Kf2 Qa2+ 30. Rc2 Qe6 31. Qxb5 Rd8 32. Qc5 Qd7 33. Qd4 Qe7
34. Qc5 Qd7 35. Qc4 Qd1 36. Qe2 Qd7 37. Ke1 Qe7 38. Rd2 Rc8 39. Qd3 Qc7 40. Ke2
h6 41. g3 Qc6 42. Kf2 Qh1 43. Re2 0-1

[Event "Mondiale Lampo FIDE 2017"]
[Site "Riyadh"]
[Date "30.12.2017"]
[Round "13.68"]
[White "Al Habeeb, Emad"]
[Black "Masrahi, Abdulrahman A"]
[Result "0-1"]
[BlackTitle "CM"]
[WhiteElo "1933"]
[BlackElo "1962"]
[WhiteFideId "21500029"]
[BlackFideId "21501564"]
[EventDate "2017.12.29"]

1. d4 d5 2. Nf3 Nf6 3. g3 Bf5 4. Bg2 e6 5. Nh4 Bg6 6. Nxg6 hxg6 7. Bg5 Be7 8. c4
c6 9. b3 dxc4 10. bxc4 Qa5+ 11. Bd2 Bb4 12. O-O Qh5 13. h3 Bd6 14. e4 e5 15.
Qxh5 gxh5 16. Re1 Nbd7 17. d5 cxd5 18. cxd5 O-O 19. Nc3 a6 20. Be3 Rac8 21. Na4
Rc4 22. Nb6 Nxb6 23. Bxb6 Nd7 24. Be3 Nc5 25. Rac1 Rxc1 26. Rxc1 Rc8 27. f3 b5
28. Bf1 Rc7 29. Kf2 Kf8 30. Bg2 Nd3+ 31. Ke2 Nxc1+ 32. Bxc1 Rxc1 33. Kd2 Ra1 0-1

[Event "Mondiale Lampo FIDE 2017"]
[Site "Riyadh"]
[Date "30.12.2017"]
[Round "13.69"]
[White "Miswadah, Baha"]
[Black "Alem, Ali Hussien"]
[Result "1-0"]
[WhiteElo "1877"]
[BlackElo "1745"]
[WhiteFideId "11502118"]
[BlackFideId "21500088"]
[EventDate "2017.12.29"]

1. e4 d6 2. d4 Nf6 3. Nc3 g6 4. Bg5 Bg7 5. Qd2 h6 6. Be3 Ng4 7. Bf4 e5 8. dxe5
Nxe5 9. O-O-O Nbc6 10. f3 Be6 11. Nd5 O-O 12. Kb1 Kh7 13. Be2 Bxd5 14. exd5 Ne7
15. Nh3 Nd7 16. Nf2 Nb6 17. c4 g5 18. Be3 Nf5 19. Bd3 Qf6 20. g4 Na4 21. Bxf5+
Kg8 22. Bd4 Qxd4 23. Qxd4 Bxd4 24. Rxd4 c5 25. Rd2 a6 26. Ne4 b5 27. Nxd6 bxc4
28. Nxc4 Rab8 29. d6 Nb6 30. Nxb6 Rxb6 31. d7 Rd8 32. Re1 Kg7 33. Re8 Rxd7 34.
Rxd7 Rb4 35. Ree7 Kf6 36. Rxf7+ Ke5 37. Rb7 Rd4 38. Rfe7+ Kf4 39. Re4+ Kxf3 40.
Rxd4 cxd4 41. Rd7 Ke3 42. Kc2 a5 43. a4 h5 44. gxh5 g4 45. h6 g3 46. hxg3 Kf2
47. h7 Kxg3 48. h8=Q 1-0

[Event "Mondiale Lampo FIDE 2017"]
[Site "Riyadh"]
[Date "30.12.2017"]
[Round "14.2"]
[White "Karjakin, Sergey"]
[Black "Nepomniachtchi, Ian"]
[Result "1/2-1/2"]
[WhiteTitle "GM"]
[BlackTitle "GM"]
[WhiteElo "2760"]
[BlackElo "2729"]
[WhiteFideId "14109603"]
[BlackFideId "4168119"]
[EventDate "2017.12.29"]

1. e4 c5 2. Nf3 d6 3. d4 cxd4 4. Qxd4 Nf6 5. Bb5+ Bd7 6. c4 Nc6 7. Qd3 g6 8. O-O
Bg7 9. Nc3 O-O 10. h3 Rc8 11. Be3 a6 12. Bxc6 Bxc6 13. Nd4 Nd7 14. Rac1 Nc5 15.
Qb1 Ne6 16. Nxe6 fxe6 17. Rfd1 Qa5 18. f3 Qh5 19. Qd3 Be5 20. b4 b5 21. cxb5
axb5 22. Ne2 Bd7 23. a3 Qh4 24. Bf2 Qg5 25. Be3 Qh4 26. Bf2 1/2-1/2

[Event "Mondiale Lampo FIDE 2017"]
[Site "Riyadh"]
[Date "30.12.2017"]
[Round "14.4"]
[White "Yu, Yangyi"]
[Black "Petrosian, Tigran L."]
[Result "1/2-1/2"]
[WhiteTitle "GM"]
[BlackTitle "GM"]
[WhiteElo "2751"]
[BlackElo "2601"]
[WhiteFideId "8603820"]
[BlackFideId "13301616"]
[EventDate "2017.12.29"]

1. d4 d6 2. e4 g6 3. Nc3 Bg7 4. f4 Nf6 5. Bd3 O-O 6. Nf3 Na6 7. O-O c5 8. d5 Rb8
9. a4 Bg4 10. h3 Bxf3 11. Rxf3 Nd7 12. Bc4 Nc7 13. Qd3 Nb6 14. Ba2 a6 15. Be3
Nd7 16. Bc4 Nb6 17. Ba2 Nd7 18. a5 b5 19. axb6 Rxb6 20. Na4 Rb4 21. Bc4 Nb6 22.
Nxb6 Rxb6 23. Ra2 Rxb2 24. Rxb2 Bxb2 25. Bxa6 Nxa6 26. Qxa6 Qa8 27. Qd3 Qa5 28.
Rf1 Bg7 29. Rb1 Qa2 30. Qb3 Qa6 31. Qb5 Qa2 32. Qb3 Qa6 33. Qb5 Qa2 34. Qb3 1/2-1/2

[Event "Mondiale Lampo FIDE 2017"]
[Site "Riyadh"]
[Date "30.12.2017"]
[Round "14.6"]
[White "Anand, Viswanathan"]
[Black "Artemiev, Vladislav"]
[Result "1/2-1/2"]
[WhiteTitle "GM"]
[BlackTitle "GM"]
[WhiteElo "2782"]
[BlackElo "2691"]
[WhiteFideId "5000017"]
[BlackFideId "24101605"]
[EventDate "2017.12.29"]

1. e4 c5 2. Nf3 a6 3. c3 d5 4. exd5 Qxd5 5. d4 Bg4 6. dxc5 Qxc5 7. Be3 Qc7 8.
Nbd2 Nf6 9. h3 Bh5 10. Qa4+ Nc6 11. Nd4 Rc8 12. Nxc6 Qxc6 13. Qxc6+ Rxc6 14. g4
Bg6 15. Bg2 Rc7 16. Bb6 Rd7 17. O-O-O Nd5 18. Nc4 e6 19. Rhe1 Nxb6 20. Nxb6
Rxd1+ 21. Rxd1 Bc5 22. Nc4 b5 23. Ne5 Bxf2 24. Nxg6 hxg6 25. Rd6 Ke7 26. Rxa6
Rd8 27. Kc2 Be3 28. Bf1 Rd2+ 29. Kb3 Rf2 30. Bxb5 Bc1 31. a4 Rxb2+ 32. Kc4 f5
33. Ra7+ Kf6 34. a5 Be3 35. Ra8 f4 36. Bc6 Kg5 37. Re8 Kh4 38. Rxe6 Kxh3 39.
Rxg6 Kg3 40. Rxg7 f3 41. Bxf3 Kxf3 42. g5 1/2-1/2

[Event "Mondiale Lampo FIDE 2017"]
[Site "Riyadh"]
[Date "30.12.2017"]
[Round "14.7"]
[White "Quparadze, Giga"]
[Black "Korobov, Anton"]
[Result "0-1"]
[WhiteTitle "GM"]
[BlackTitle "GM"]
[WhiteElo "2506"]
[BlackElo "2652"]
[WhiteFideId "13602250"]
[BlackFideId "14105730"]
[EventDate "2017.12.29"]

1. e4 c5 2. Nf3 d6 3. d4 cxd4 4. Nxd4 Nf6 5. Nc3 a6 6. g3 e6 7. Bg2 Be7 8. O-O
Qc7 9. a4 O-O 10. h3 Nc6 11. Be3 Bd7 12. Nb3 Ne5 13. a5 Nc4 14. Bc1 Rac8 15. f4
b5 16. axb6 Qxb6+ 17. Kh2 Rfd8 18. g4 g6 19. f5 d5 20. exd5 exd5 21. fxg6 hxg6
22. Qf3 Be6 23. Na4 Qb8+ 24. Bf4 Bd6 25. Bxd6 Qxd6+ 26. Qf4 Ne4 27. Qxd6 Rxd6
28. Nd4 Ne3 29. Rfc1 Bd7 30. c3 f5 31. gxf5 gxf5 32. Rg1 Kf7 33. Rae1 Nxg2 34.
Rxg2 Bxa4 35. Nxf5 Rf6 36. Ne3 Bc6 37. Ng4 Re6 38. Rf1+ Ke7 39. Ne3 Rf6 40. Nf5+
Ke6 41. Nd4+ Ke5 42. Rxf6 Kxf6 43. Rg4 Bd7 44. Rf4+ Ke7 45. Rh4 Rf8 46. Rh7+ Rf7
47. Rxf7+ Kxf7 48. Kg2 Kf6 49. h4 a5 50. Kf3 a4 51. Ke3 Nd6 52. Kd2 Kg6 53. Nc2
Nc4+ 54. Kc1 Kh5 55. Nb4 Nb6 56. b3 axb3 57. Kb2 Ba4 58. Nd3 Nc4+ 59. Kb1 Bd7
60. Kc1 Bf5 61. Nb2 Kxh4 62. Na4 Kg3 63. Kd1 Kf3 64. Kc1 Ke3 65. Nb2 Nxb2 66.
Kxb2 Bc2 67. Ka1 Kd3 68. Kb2 Kc4 69. Ka1 Bf5 70. Kb2 Bd7 71. Ka3 Bc6 72. Kb2 Ba4
73. Kb1 Kxc3 0-1

[Event "Mondiale Lampo FIDE 2017"]
[Site "Riyadh"]
[Date "30.12.2017"]
[Round "14.8"]
[White "Salem, A.R. Saleh"]
[Black "Dreev, Aleksey"]
[Result "0-1"]
[WhiteTitle "GM"]
[BlackTitle "GM"]
[WhiteElo "2638"]
[BlackElo "2653"]
[WhiteFideId "9301348"]
[BlackFideId "4100107"]
[EventDate "2017.12.29"]

1. d4 d5 2. c4 c6 3. Nf3 Nf6 4. Nc3 e6 5. g3 dxc4 6. Bg2 Nbd7 7. O-O Be7 8. e4
O-O 9. a4 e5 10. dxe5 Ng4 11. Bf4 Qa5 12. e6 fxe6 13. Qe2 Nge5 14. Nd4 Nb6 15.
Bh3 Nd3 16. Bc7 Bf6 17. Qe3 Qc5 18. e5 Bxe5 19. Bxe5 Qxe5 20. Qxe5 Nxe5 21. f4
Nd3 22. Bxe6+ Bxe6 23. Nxe6 Rf7 24. Ne4 Nd5 25. a5 Re7 26. N6c5 Ne3 27. Rf3 Nc2
28. Rd1 Rae8 29. Nd6 Re1+ 30. Rf1 Rxf1+ 31. Rxf1 Re2 32. Ndxb7 Ne3 33. Rf3 Rg2+
34. Kh1 Nf2+ 35. Rxf2 Rxf2 36. h4 Rxb2 37. Nd8 c3 0-1

[Event "Mondiale Lampo FIDE 2017"]
[Site "Riyadh"]
[Date "30.12.2017"]
[Round "14.9"]
[White "Mamedov, Rauf"]
[Black "Esipenko, Andrey"]
[Result "0-1"]
[WhiteTitle "GM"]
[BlackTitle "FM"]
[WhiteElo "2709"]
[BlackElo "2564"]
[WhiteFideId "13401653"]
[BlackFideId "24175439"]
[EventDate "2017.12.29"]

1. e4 c6 2. Ne2 d5 3. e5 c5 4. d4 Nc6 5. c3 Bf5 6. dxc5 Nxe5 7. Nd4 Bd7 8. Qh5
Nc6 9. Qxd5 e6 10. Qc4 Rc8 11. Be2 Ne5 12. Qb3 Bxc5 13. O-O Qb6 14. Be3 Nf6 15.
f3 O-O 16. Nd2 Nd5 17. Bf2 Nf4 18. Qxb6 Bxb6 19. N2b3 Ned3 20. Bxd3 Nxd3 21. Be3
Nxb2 22. Rac1 Na4 23. c4 e5 24. Nc2 Rxc4 25. Bxb6 Nxb6 26. Ne3 Rxc1 27. Rxc1 Rc8
28. Rd1 Be6 29. Na5 Bxa2 30. Nxb7 h5 31. Ra1 Be6 32. Nd6 Rc3 33. Kf2 Rc7 34. Nb5
Rc5 35. Nd6 a5 36. Nb7 Rb5 37. Nxa5 Rb2+ 38. Kg1 Nd5 39. Nac4 Re2 40. Nxd5 Bxd5
41. Nd6 Be6 42. h4 Rb2 43. Ne4 f6 44. Nc5 Bd5 45. Rd1 Bc6 46. Rd6 Be8 47. Rd8
Kf7 48. Ra8 Rc2 49. Ra7+ Kg8 50. Ne4 Rc6 51. Ng3 Bg6 52. Rb7 Kh7 53. Ra7 Rc3 54.
Ne2 Rc2 55. Ng3 Rc4 56. Nf1 Rxh4 57. Ne3 Rd4 58. Kh2 Rd3 59. Nc4 Rd5 60. Nb6 Rd6
61. Nd7 Be8 62. Nc5 Bb5 63. Re7 Bc4 64. Rc7 Bd5 65. Ra7 Kg6 66. Nd7 Be6 67. Nc5
Bf5 68. Kg3 Kh6 69. Ra8 Kg5 70. Ra7 g6 71. Ra5 h4+ 72. Kh2 Rd2 73. Kg1 Kf4 74.
Nb3 Rb2 75. Nc1 Kg3 76. Kf1 Rxg2 77. Ne2+ Rxe2 78. Kxe2 h3 79. f4 h2 80. Ra3+
Kg2 0-1

[Event "Mondiale Lampo FIDE 2017"]
[Site "Riyadh"]
[Date "30.12.2017"]
[Round "14.11"]
[White "Le, Quang Liem"]
[Black "Rapport, Richard"]
[Result "1-0"]
[WhiteTitle "GM"]
[BlackTitle "GM"]
[WhiteElo "2737"]
[BlackElo "2707"]
[WhiteFideId "12401137"]
[BlackFideId "738590"]
[EventDate "2017.12.29"]

1. d4 g6 2. c4 Bg7 3. e4 d6 4. Be3 Nd7 5. Nc3 e5 6. dxe5 dxe5 7. c5 Ne7 8. Bc4
O-O 9. Nf3 b6 10. b4 a5 11. c6 Nf6 12. Qxd8 Rxd8 13. b5 Ne8 14. a4 Bg4 15. Ng5
Nd6 16. Bb3 h6 17. h3 Bc8 18. Nf3 Be6 19. Bxe6 fxe6 20. Rd1 Nc4 21. Bc1 Rxd1+
22. Kxd1 Rd8+ 23. Kc2 g5 24. Kb3 Nd6 25. h4 g4 26. Nh2 h5 27. Bg5 Kf7 28. f3
gxf3 29. Rf1 Rg8 30. Rxf3+ Ke8 31. g4 Rh8 32. gxh5 Rxh5 33. Ng4 Ng6 34. Nf6+
Bxf6 35. Rxf6 Nf8 36. Bh6 Ke7 37. Bg5 Nf7 38. Rxf7+ Kxf7 39. Bd8 Ng6 40. Bxc7
Rxh4 41. Bxb6 Ne7 42. Bxa5 Ke8 43. Bb4 Nc8 44. a5 Rh7 45. b6 Kd8 46. Nb5 Rh1 47.
b7 Rb1+ 48. Ka3 Ra1+ 49. Kb2 Ra4 50. c7+ Kd7 51. Kb3 1-0

[Event "Mondiale Lampo FIDE 2017"]
[Site "Riyadh"]
[Date "30.12.2017"]
[Round "14.12"]
[White "Harikrishna, Pentala"]
[Black "Amonatov, Farrukh"]
[Result "1-0"]
[WhiteTitle "GM"]
[BlackTitle "GM"]
[WhiteElo "2744"]
[BlackElo "2636"]
[WhiteFideId "5007003"]
[BlackFideId "14700077"]
[EventDate "2017.12.29"]

1. Nf3 Nf6 2. d4 g6 3. Bg5 Bg7 4. Nbd2 d5 5. e3 O-O 6. Be2 c5 7. c3 b6 8. O-O
Bb7 9. a4 Nc6 10. Qb1 h6 11. Bh4 Re8 12. Rd1 Rc8 13. Ne5 Nd7 14. f4 Nf6 15. Bf3
Qd6 16. Qd3 e6 17. Qe2 Ne7 18. g4 Nd7 19. Ndc4 Qc7 20. Nxd7 Qxd7 21. Ne5 Qc7 22.
Rf1 c4 23. Bg2 Ra8 24. Bg3 Qc8 25. h4 f6 26. Nf3 f5 27. Ne5 Kh7 28. Bh3 Rf8 29.
Kh2 Nc6 30. Nf3 Ne7 31. Rg1 fxg4 32. Bxg4 Nf5 33. h5 gxh5 34. Bxh5 Bf6 35. Rg2
Qd7 36. Rag1 Rg8 37. Be1 Rxg2+ 38. Qxg2 Qg7 39. Qh3 Qf8 40. Bg6+ Kh8 41. Bxf5
exf5 42. Qxf5 Re8 43. Ne5 Bxe5 44. Qxf8+ Rxf8 45. dxe5 Bc6 46. Rg6 Bxa4 47.
Rxh6+ Kg7 48. Rd6 Rh8+ 49. Kg3 Rh1 50. Bf2 Bc2 51. Rd7+ Kg6 52. Rxa7 Be4 53. e6
Kf6 54. e7 Kf7 55. Kg4 Rh2 56. Bh4 Rg2+ 57. Kh3 Rg8 58. Bg5 Ke6 59. Kg3 b5 60.
Rb7 d4 61. Rb6+ Kd7 62. exd4 Bc6 63. Ra6 Rh8 64. f5 Bd5 65. Ra7+ Kd6 66. Bf6
Rg8+ 67. Kf4 Bc6 68. Be5+ Kd5 69. Ra6 b4 70. Ra5+ 1-0